| 000 | 01618nam a2200517 i 4500 | ||
|---|---|---|---|
| 001 | 38911 | ||
| 003 | KOSZ 005 | ||
| 005 | 20220311103614.0 | ||
| 008 | 010322s2001 pl a |000 0 pol | ||
| 015 | _aUWD 2001/9149 | ||
| 020 | _a8372511179 | ||
| 035 | _a991015902459705066 | ||
| 035 | _a(PL-WaBN)b14270687-48omnis_nlop | ||
| 035 | _ab14270687 | ||
| 035 | _a(OCoLC)749312802 | ||
| 035 | _azz2004866937 | ||
| 035 | _a(PL)b0000001427068 | ||
| 035 | _a(EXLNZ-48OMNIS_NETWORK)9910019815505606 | ||
| 040 |
_aWA N _cWA N _dLUBL KUL _dKR U _dKOSZ 005/HR |
||
| 041 | 0 | _apol | |
| 046 | _k2001 | ||
| 080 | _a005.95/.96 | ||
| 080 | _a331-057.17 | ||
| 080 | _a316.47 | ||
| 080 | _a316.77 | ||
| 080 | _a(083.1) | ||
| 100 | 1 |
_aWachowiak, Piotr _eAutor |
|
| 245 | 1 | 0 |
_aProfesjonalny menedżer : _bumiejętność pełnienia ról kierowniczych / _cPiotr Wachowiak. |
| 260 |
_aWarszawa : _b"Difin", _c2001. |
||
| 300 |
_a203, [3] s. : _bil. ; _c23 cm. |
||
| 336 |
_aTekst _btxt _2rdacontent |
||
| 337 |
_aBez urządzenia pośredniczącego _bn _2rdamedia |
||
| 338 |
_aWolumin _bnc _2rdacarrier |
||
| 380 | _aKsiążki | ||
| 388 | _a2001- | ||
| 504 | _aBibliogr. | ||
| 650 | 7 |
_aMenedżerowie _2DBN |
|
| 650 | 7 | _aZachowanie organizacyjne | |
| 650 | 7 |
_aZarządzanie zasobami ludzkimi (HRM) _2DBN |
|
| 650 | 7 | _aRelacje międzyludzkie | |
| 658 | _aZarządzanie i marketing | ||
| 710 | 2 |
_aDifin _4pbl |
|
| 856 |
_uhttp://koha.tu.koszalin.pl/cgi-bin/koha/opac-detail.pl?biblionumber=38911 _yKatalog online BPK |
||
| 942 |
_2UKD _cKS |
||
| 999 |
_c38911 _d38911 |
||